Quizzes
Events
Quiz Creation
Community
Videos
Private Events
Remove Ads
Sign In
Join for FREE
Feedback
Dark Mode
Quiz Categories
Sports
Geography
Music
Movies
Television
Just For Fun
Miscellaneous
History
Literature
Language
Science
Gaming
Entertainment
Religion
Holiday
For Kids
Quiz Lab
Recent
Popular Today
Quiz Kudos Today
Editor Picks
Curator Picks
Quizzes by...
Day
Popularity
Type
Ratings
Length
Year
Community
Subscriptions
Recent Discussions
Orange Saloon
Badges
Playlists
Quests
Create
Leaderboards
Showdown
Live 5
Trivia Bingo
Activity
Puzzle Library
Sporcle Events
Private Events
Virtual Trivia
Globe League
Become a Host
Pub Owners
SporcleCon
Opinionation
Our Games
Videos
Blog
Mobile Apps
Partnerships
Remove Ads and Go Orange
Feedback
Entertainment
Celebrity
Famous
Musical
Broadway
Show
Quote
Comic Books
Anime
Superhero
DC Comics
Marvel
Cartoons
Animation
Entertainment
Celebrity
Famous
Musical
Broadway
Show
Quote
Comic Books
Anime
Superhero
DC Comics
Marvel
Cartoons
Animation
Random Quiz
Search Sporcle
×
Quiz Lab
Quiz Lab
Entertainment
Title Songs
Type in answers that appear in a list
Type in answers that appear in a list
Classic
Best Score? Go Orange.
Jethro Tull Songs by Antonyms Stats
Name the title of the Jethro Tull song by the opposite clue.
By
pabramoff
20m
60 Questions
102 Plays
102 Plays
102 Plays
Comments
Comments
Give Quiz Kudos
Give Quiz Kudos
-
- Ratings
hide this ad
Forced Order
Answers have to be entered in order
Answers have to be entered in order
Replay
Link that replays current quiz
Next Quiz
Link to next quiz in quiz playlist
You Got
0%
They Got
Avg Score
59%
Avg Friend Score
Upgrade to see
Score Distribution
Jump to the score distribution portion of the page
Score
0/60
Timer
20:00
0
Plays Today
Opposite Clue
Song Title
% Correct
Thin Woman
Fat Man
98%
Student
Teacher
93.1%
Outside
Inside
92.2%
Everything is Not Difficult
Nothing is Easy
90.2%
Daughter
Son
90.2%
Old Year Tomorrow
New Day Yesterday
89.2%
Sour Nightmare
Sweet Dream
87.3%
Straight Eared Joseph
Cross Eyed Mary
85.3%
Thin as the Sponge
Thick as a Brick
85.3%
Father Gander
Mother Goose
84.3%
Dying Out of a Future
Living in the Past
81.4%
Peacetime Adult
War Child
79.4%
Without Me Here to Impede You
With You There to Help Me
78.4%
Gentlemen
Ladies
74.5%
Tobogganing Toward Off a Thick Fire of a Old Year
Skating Away on the Thin Ice of the New Day
74.5%
Caboose Suffocation
Locomotive Breath
72.5%
Expensive Year Payout
Cheap Day Return
72.5%
Dog's Chipmunk
Cat's Squirrel
70.6%
Everything to Hear
Nothing to Say
70.6%
King or City
Queen and Country
69.6%
Front Window Demons
Back Door Angels
69.6%
Young Enough from Play Classical Music Old Enough from Live
Too Old to Rock and Roll Too Young to Die
69.6%
Your Thursday Callousness
My Sunday Feeling
67.6%
Warlock's Breach
Witch's Promise
67.6%
Jester Out a Courtyard
Minstrel in the Gallery
67.6%
Many Black Geese
One White Duck
66.7%
Light Cows
Heavy Horses
66.7%
Jill Out of a Yellow
Jack in the Green
63.7%
Ice at Noon
Fire at Midnight
63.7%
White Wednesday
Black Sunday
61.8%
Opposite Clue
Song Title
% Correct
Doctorie
Nursie
61.8%
South Ocean Glue
North Sea Oil
58.8%
Narrowshield
Broadsword
58.8%
Hot Calmness From Gehenna
Cold Wind to Valhalla
56.9%
Or a Cat Criminals Always Awake
And the Mouse Police Never Sleep
55.9%
Hectares Tame
Acres Wild
55.9%
Environmentalist Boy
Hunting Girl
50%
Hear Out of a Moon
Look Into the Sun
48%
Ignoring You Ignoring Me
Watching Me Watching You
46.1%
Over Unbindings
Under Wraps
46.1%
Unemployed Kennedy Unemployed Biden
Working John Working Joe
44.1%
From Neil Armstrong Hammond or You
For Michael Collins Jeffrey and Me
42.2%
Magenta-
Liver
Aqualung
42.2%
Half Toes
Two Fingers
41.2%
Yes Disquieting Song
No Lullaby
41.2%
Power Cords are Excluded
Batteries Not Included
41.2%
Loathing Work
Passion Play
39.2%
To the Live Massage From the Young Coarsener
From a Dead Beat to an Old Greaser
39.2%
Fast Standing Soloist
Slow Marching Band
39.2%
Iconoclasm From Many
Dharma for One
39.2%
Monocolor Reds
Rainbow Blues
37.3%
Cats Out of Summer-
End
Dogs in Midwinter
35.3%
Television Expensive Vladivostok
Radio Free Moscow
34.3%
Good Eared or Hateful
Bad Eyed and Loveless
32.4%
Grounded German Woman
Flying Dutchman
32.4%
Doggy Oak
Pussy Willow
28.4%
Caked Drummer
Pied Piper
27.5%
Nothing's Off a Stationary
Something's On the Move
26.5%
Cornflake
Cheerio
23.5%
Leave Vulnerable or Die Out
Protect and Survive
17.6%
Quiz Playlist
Details
Report
Send in Message
Add To Playlist
Classic:
Type in answers that appear in a list
Forced Order:
Answers have to be entered in order
Last Updated: Feb 16, 2017
Quiz Scoreboard
CHALLENGE
Sign Up to Join the Scoreboard
Show All
Scores
Hide
Comments
May contain spoilers
Recently Published
9x9 Crossword: Cartoon Network
by jackfrog10
Miscellaneous
3m
College Basketball Coaching Resumes
by pancakes188
Sports
9m
Billboard Blitz: Fleetwood Mac
by CooCooCachoo
Music
15s
More to Explore
Quiz From the Vault
Featured Blog Post
Where Did the Easter Bunny Come From?
hide this ad
You Might Also Like...
Tags
Antonym
Jethro Tull
opposite
Song Title
Title Songs
Today's Top Quizzes in Entertainment
Browse Entertainment
hide this ad
Today's Top Quizzes in Title Songs
Browse Title Songs
Top Contributed Quizzes in Entertainment
1
7-to-1: DC Comics Villains
2
Marvel Characters Bunker
3
Eurovision 2023 Logic Puzzle
4
Dragon Ball Z: Goku's Fights in Order
5
Sorting Pictures: Villains
6
Criteria Quickie: Cartoon Taxonomy II
7
7-to-1: One Piece
8
Mini Trivia Sudoku: Musicals
9
Fictional Villains Letter U Blitz
10
Kamen Rider Motifs
Explore More
Trending Topics
Anime
NBA
Disney
Harry Potter
Marvel
Crossword
Kpop
Pokémon
Song
NFL
The Office
Soccer
Puzzle
WWE
Country
hide this ad
More By:
pabramoff
Quiz
Plays
Rating
Category
Featured
Created
NBA Stars by Top of Head
50,129
4.61
Sports
Nov 28, 2019
US Presidents by Actors
34,544
4.61
History
Jul 18, 2019
Rock Quartets by First Names
24,545
4.73
Music
Oct 1, 2019
20 SNL Characters
20,363
4.68
Television
Jul 15, 2020
Big League Birds
11,427
4.70
Sports
Jun 8, 2017
Go to Creator's Profile
Score Distribution
Quiz Creator Spotlight
pabramoff
Follow
Send a Message
Quizzes Created
-
Created Quiz Play Count
-
More By This Creator
Popular Quizzes Today
1
Find the US States - No Outlines Minefield
2
Find the Countries of Europe - No Outlines Minefield
3
The Countries of the World
4
Find the US States
5
Risky Map Clicking: Biggest States A-Z
6
US States
7
Popular People in 1961
8
Movies - When Are They Set?
More Entertainment Quizzes
Disney's Inspirations
Editor's Pick
Trending Quizzes
Risky Map Clicking: Least Populous States A-Z
1-10 Letter G Words
Risky Map Clicking: Next State Alphabetically
Adjectives in 80s TV Shows
The Seven Year Switch: Catherine
Recently Updated
Leaping Animals
pecheneg
Reality TV Shows (A-Z)
bhenderson79
Rickey Henderson's Hall of Fame Teammates
pecheneg
Champions League XIs: Arsenal
pecheneg
Quick Pick: Celebrities in WWE's Hall of Fame
aduchscher
A-Z Keypad Blitz II
pecheneg
Multiple Oscar Actors
pecheneg
Mystery Phrase Blitz: Oscar 'Best Actors'
pecheneg
F. Scott Fitzgerald Novels
LTH
Pick 3 Villains
ddd62291
Trending Topics
Anime
Crossword
Marvel
NBA
Kpop
Disney
Harry Potter
Soccer
Pokémon
NFL
Song
The Office
Puzzle
Country
WWE
Your Account Isn't Verified!
In order to create a playlist on Sporcle, you need to verify the email address you used during registration. Go to your
Sporcle Settings
to finish the process.
Report this User
Report this user for behavior that violates our
Community Guidelines
.
Details:
Send Report
Go to the Sporcle.com Mobile Site →
Comments